Fotograf času

Bibliographic Details
Main Authors: Koželová, Soňa (Author, Interviewer), Stacho, Ľubo, 1953- (Author)
Format: Article
Language:Slovak
PhysicalDescription:Fotogr.
ISSN:1337-219X
Subjects:

MARC

LEADER 00000nab a2200000 ar4500
001 vtls009458618
003 SK-MaSNL
005 20260303053620.0
008 090107c2008 xo mr|p|||||||000 b|slo
015 |a SNBRB2009/01  |2 snkbucl 
038 |a SNKBUCL 
040 |a SNKBUCL  |b slo  |c SNKBUCL  |e AACR2 
041 0 |a slo 
044 |a xo  |c SK 
080 |a 77.04-051  |2 1997 
100 1 |a Koželová, Soňa  |4 aut  |4 ivr  |9 647502 
245 1 0 |a Fotograf času  |c Soňa Koželová, Ľubo Stacho 
300 |b Fotogr. 
600 1 7 |a Stacho, Ľubo,  |d 1953-  |2 snkbucl  |9 117356 
700 1 |a Stacho, Ľubo,  |d 1953-  |4 aut  |4 ive  |9 117356 
773 0 |t Žurnál  |g Roč. II, č. 51-52 (2008), s. 40-44  |x 1337-219X 
852 |a SNK  |b KIS3GCP 
958 |a BX 
999 |c 1719921  |d 1721851